Gandhis India: (Record no. 88249)

MARC details
000 -LEADER
fixed length control field 00822cam a2200229 4500
001 - CONTROL NUMBER
control field sa 68018219
003 - CONTROL NUMBER IDENTIFIER
control field DLC
005 - DATE AND TIME OF LATEST TRANSACTION
control field 20260227112709.0
008 - FIXED-LENGTH DATA ELEMENTS--GENERAL INFORMATION
fixed length control field 710701s1968 ii b 001 0aeng
010 ## - LIBRARY OF CONGRESS CONTROL NUMBER
LC control number sa 68018219
025 ## - OVERSEAS ACQUISITION NUMBER
Overseas acquisition number PL480:I-E-11096
040 ## - CATALOGING SOURCE
Original cataloging agency DLC
Transcribing agency DLC
Modifying agency DLC
050 00 - LIBRARY OF CONGRESS CALL NUMBER
Classification number DS481.G3
Item number A17 1968c
100 1# - MAIN ENTRY--PERSONAL NAME
Personal name Gandhi,
Titles and words associated with a name Mahatma,
Dates associated with a name 1869-1948.
245 10 - TITLE STATEMENT
Title Gandhis India:
Remainder of title unity in diversity.
Statement of responsibility, etc. Selections prepared by the National Integration Sub-committee of the National Committee for Gandhi Centenary.
260 ## - PUBLICATION, DISTRIBUTION, ETC.
Place of publication, distribution, etc. New Delhi,
Name of publisher, distributor, etc. National Book Trust, India
Date of publication, distribution, etc. [1968]
300 ## - PHYSICAL DESCRIPTION
Extent xii, 84 p.
Dimensions 21 cm.
350 ## - PRICE (NR) (BK AM CF MU VM SE) [OBSOLETE]
Price 2.25
504 ## - BIBLIOGRAPHY, ETC. NOTE
Bibliography, etc. note "Sourced and notes": p. [78]-84.
600 10 - SUBJECT ADDED ENTRY--PERSONAL NAME
Personal name Gandhi,
Titles and other words associated with a name Mahatma,
Dates associated with a name 1869-1948.
710 2# - ADDED ENTRY--CORPORATE NAME
Corporate name or jurisdiction name as entry element National Committee for Gandhi Centenary.
Subordinate unit National Integration Sub-committee.

No items available.

Powered by Koha